000 00969nam a2200241 i 4500
001 170855
003 ES-MaACL
005 20250808062749.0
008 090413s1956 sp |||| | spa d
100 0 _aDante Alighieri,
_d1265-1321
_942657
245 1 0 _aObras completas de Dante Alighieri /
_cversión castellana de Nicolás González Ruiz sobre la interpretación literal de Giovanni M. Bertini ; colaboración de José Luis Gutiérrez García.
260 _aMadrid :
_bLa Editorial Católica,
_c1956.
300 _a1146 p. ;
_c20 cm.
490 1 _aBiblioteca de autores cristianos ;
_v157
500 _aÍndices.
546 _aTexto italiano y traducción española.
700 1 _aGonzález Ruiz, Nicolás,
_d1897-1967
_958946
700 1 _aGutiérrez García, José Luis.
_961152
700 0 _aBertini, Giovanni María,
_d1900-1995
_928473
830 0 0 _aBiblioteca de autores cristianos
_v157
_9178679
852 _aES-MaACL
_jJ-155
999 _c170855
_d170855